Footballeurs portugais (par images). - Statistiques

Statistiques générales
  • Ce quiz a été pris 542 fois
  • Le résultat moyen est 10 sur 16
Statistiques - réponses
Par images Réponse % Correct
Cristiano Ronaldo
100%
Pepe
97%
Bernardo Silva
93%
Bruno Fernandes
92%
Eusébio
91%
Luís Figo
89%
Nani
83%
Deco
68%
Pauleta
63%
Rui Costa
63%
Ricardo Carvalho
54%
Nuno Gomes
20%
Vítor Baía
19%
Paulo Futre
16%
Fernando Chalana
8%
Mario Coluna
4%
Aucun quiz correspondant
Distribution des résultats
% des personnes avec chaque résultat
Percentile par nombre de réponses
Votre historique - résultats
Vous n’avez pas pris ce quiz